| 000 | 00512cam a2200193ua 4500 | ||
|---|---|---|---|
| 001 | 5752 | ||
| 008 | 131028n ii |||frmmmmZ001|0|eng | ||
| 040 | _cMAIN | ||
| 082 | _a934 | ||
| 100 |
_aMurthy,H.V.Sreenivasa, _eAuthor. |
||
| 245 |
_aHistory of ancient India _cby H.V.Sreenivasa Murthy |
||
| 250 | _a1st ed. | ||
| 260 |
_aGauhati: _bBani Mandir, _c1963. |
||
| 300 | _a257p. | ||
| 653 | _aIndia to 647 | ||
| 653 | _aHistory Of ancient India | ||
| 700 |
_aMukhopadhyay,Debabrata, _eIllustrator. |
||
| 942 | _cBK | ||
| 999 |
_c4910 _d4910 |
||